Un timón en la tormenta (Registro nro. 9708)

Detalles MARC
000 -CABECERA
Longitud fija campo de control 00648nam a2200217 b 4500
001 - NÚMERO DE CONTROL
Número de control bimo0001782952
003 - IDENTIFICADOR DELl NÚMERO DE CONTROL
Identificador del número de control OSt
005 - FECHA Y HORA DE LA ÚLTIMA TRANSACCIÓN
Fecha y hora de la última transacción 20140513213003.0
008 - CÓDIGOS DE INFORMACIÓN DE LONGITUD FIJA
Códigos de información de longitud fija 020531s2005 sp | ||| ||spa
020 ## - NÚMERO INTERNACIONAL NORMALIZADO PARA LIBROS
Número Internacional Normalizado para Libros (ISBN) 84-7978-508-X
040 ## - FUENTE DE LA CATALOGACIÓN
Centro transcriptor BMC
082 ## - NÚMERO DE LA CLASIFICACIÓN DECIMAL DEWEY
Númeroo de clasificación 658.3
100 1# - PUNTO DE ACCESO PRINCIPAL-NOMBRE DE PERSONA
9 (RLIN) 18083
Nombre de persona Baguer Alcalá, Ángel
245 13 - MENCIÓN DE TÍTULO
Título Un timón en la tormenta
Resto del título : cómo implantar con sencillez la gestión de los recursos humanos
Mención de responsabilidad, etc. Ángel Baguer Alcalá
250 ## - MENCIÓN DE EDICIÓN
Mención de edición 1ª reimp
260 ## - PUBLICACIÓN, DISTRIBUCIÓN, ETC. (PIE DE IMPRENTA)
Lugar de publicación, distribución, etc. Madrid
Nombre del editor, distribuidor, etc. Díaz de Santos
Fecha de publicación, distribución, etc. 2005
300 ## - DESCRIPCIÓN FÍSICA
Extensión XV, 298 p.
Dimensiones 24 cm
504 ## - NOTA DE BIBLIOGRAFÍA, ETC
Nota de bibliografía, etc. Bibliografía: p. [297]-298
650 24 - PUNTO DE ACCESO ADICIONAL DE MATERIA - TÉRMINO DE MATERIA
Término de materia o nombre geográfico como elemento inicial Dirección de personal
9 (RLIN) 6298
942 ## - ENTRADA DE ELEMENTOS AGREGADOS (KOHA)
Fuente de clasificaión o esquema Dewey Decimal Classification
Koha [por defecto] tipo de item 1- Monografias
Existencias
Suprimido Perdido Fuente de clasificación o esquema Estropeado Restricciones de uso No para préstamo Código de colección Localización permanente Localización actual Localización en estanter&íacute;as Fecha adquisición Fuente de adquisición Número de inventario Préstamos totales Renovaciones totales Signatura completa Código de barras Fecha última consulta Fecha último préstamo Coste, precio reemplazado Fecha del precio de reemplazo Tipo de item de Koha
NULL NULL Dewey Decimal Classification NULL Prestable NULL NULL Biblioteca Centro Regional de Ilobasco Biblioteca Centro Regional de Ilobasco Sala Principal 10/09/2015 UNICAES LI001027 5 4 658.3 BAG tim 1033674 10/09/2019 23/07/2019 18.00 10/09/2015 1- Monografias
NULL NULL Dewey Decimal Classification NULL Prestable NULL NULL Biblioteca Centro Regional de Ilobasco Biblioteca Centro Regional de Ilobasco Sala Principal 13/03/2012 UNICAES LI002057 9 2 658.3 BAG tim 1038652 27/07/2023 21/07/2023 18.00 06/10/2016 1- Monografias
NULL NULL Dewey Decimal Classification NULL Prestable NULL NULL Biblioteca Centro Regional de Ilobasco Biblioteca Centro Regional de Ilobasco Sala Principal 10/09/2015 UNICAES LI002511 3   658.3 BAG tim 1039189 09/08/2019 30/07/2019   26/10/2016 1- Monografias
NULL NULL Dewey Decimal Classification NULL Prestable NULL NULL Biblioteca Miguel de Cervantes - UNICAES Biblioteca Miguel de Cervantes - UNICAES Sala Principal 07/05/2014 Donación - Facultad de Ciencias y Humanidades 015407 2 2 658.3 BAG tim 1015749 09/09/2016 08/08/2016 18.00 07/05/2014 1- Monografias
NULL NULL Dewey Decimal Classification NULL Prestable NULL NULL Biblioteca Miguel de Cervantes - UNICAES Biblioteca Miguel de Cervantes - UNICAES Sala Principal 09/05/2008 Donación - Facultad de Ciencias y Humanidades 015408 6 2 658.3 BAG tim 1015750 25/11/2019 22/10/2019 18.00 07/05/2014 1- Monografias
NULL NULL Dewey Decimal Classification NULL Prestable NULL NULL Biblioteca Miguel de Cervantes - UNICAES Biblioteca Miguel de Cervantes - UNICAES Sala Principal 09/05/2008 Donación - Facultad de Ciencias y Humanidades 015409 14 2 658.3 BAG tim 1015751 27/07/2022 12/07/2022 18.00 07/05/2014 1- Monografias
NULL NULL Dewey Decimal Classification NULL Prestable NULL NULL Biblioteca Miguel de Cervantes - UNICAES Biblioteca Miguel de Cervantes - UNICAES Sala Principal 07/05/2014 Donación - Facultad de Ciencias y Humanidades 015410 6 2 658.3 BAG tim 1015752 28/06/2025 18/11/2019 18.00 07/05/2014 1- Monografias